| 000 | 00915cam a2200217 4500 | ||
|---|---|---|---|
| 001 | WB@3612-446 | ||
| 008 | 040721n2004 000 0 eng u | ||
| 035 | _a(Sirsi) u126881 | ||
| 245 | _aSchool catchment areas drive up house prices | ||
| 260 | _c2004 | ||
| 490 |
_aSainsbury's Bank Press Release _v19 July 2004 (2) |
||
| 520 | _aAccording to research by Sainsbury's Bank conducted in April 2004, up to 71 000 people will have moved home between April and September 2004 to ensure that they fall into a better school catchment area. The other motivations for moving were: 50 000 people wanting a house with a garden; 47 000 relocating from the city to the country. http://www.sainsburysbank.co.uk/media/index.html | ||
| 590 | _aWB | ||
| 590 | _aWB | ||
| 650 | _aCATCHMENT AREAS | ||
| 650 | _aHOUSE PRICES | ||
| 650 | _aSCHOOLS | ||
| 650 | _aSURVEYS | ||
| 690 | _aHOUSING-HOUSE PRICES | ||
| 942 | _n0 | ||
| 999 |
_c117741 _d117741 |
||